000 02403nam a2200289 a 4500
001 000022410
003 DO-SdBNP
005 20250701132841.0
008 101008s2003 dr 000 0 spa d
020 _a9993425494
040 _aDO-SdBNP
_bspa
_cBNPHU
082 _a330.97293
_bB326d
100 1 _aBastidas Castañeda, América
_932079
245 1 0 _aDesarrollo económico y social de la República Dominicana 1990-2000 /
_cAmérica Bastidas Castañeda.
260 _aSanto Domingo :
_bInstituto Tecnológico de Santo Domingo,
_c2003.
300 _a448 p. :
_bil ;
_c23 cm.
505 0 _aPrólogo --
_tPresentación --
_tReformas económicas y desarrollo económico sustentable --
_tModelos de desarrollo y reformas económicas en la República Dominicana --
_tDesarrollo sustentable o sostenible : una aproximación teórica --
_tDesarrollo sustentable y patrón de crecimiento económico --
_tGestión ambiental en la República Dominicana --
_tEmpleo, pobreza y políticas sociales --
_tDiagnóstico de la ocupación --
_tCrédito, empresa y desarrollo local --
_tPobreza rural--
_tDeuda externa, deuda social y política de ajuste en República Dominicana --
_tModernización del Estado --
_tModernización del Estado dominicano y estratégia de desarrollo --
_tPrivatización: ¿Necesidad nacional o estrategia internacional? --
_tAranceles y desarrollo económico --
_tGlobalización y desarrollo --
_tGlobalización y seguridad alimentaria --
_tGlobalización --
_tEfectos sobre la seguridad alimentaria nutricional --
_tSeguridad humana y desarrollo integral en la sociedad dominicana --
_tEl empresariado y el Estado en la formación del Área de Libre Comercio (ALCA) --
_tLa República Dominicana frente a las estrategias de integración y globalización --
_tMujer y desarrollo --
_tModernidad: su pertenencia como condición, discurso y mito--
_tCiudadanía y mujer --
_tLa feminización de la noción de desarrollo --
_tMujer y derechos humanos.
590 _aInventariado, 2018/ YL
650 0 _aDesarrollo económico
_985548
650 4 _aMujeres
_xCondiciones sociales
_92063
651 4 _aRepública Dominicana
_xCondiciones Económicas
_9281
651 4 _aRepública Dominicana
_xCondiciones Sociales
_946
651 4 _aRepública Dominicana
_xPolítica Económica
_9643
651 4 _aRepública Dominicana
_xPolítica Social
_92627
910 _aValidado. Control de calidad MMOLINA
942 _2ddc
_cLBS1
999 _c21908
_d21908